MARC details
| 000 -LÍDER |
| campo de controle de tamanho fixo |
01504nam a2200337 4500 |
| 001 - NÚMERO DE CONTROLE |
| campo de controle |
280 |
| 003 - IDENTIFICADOR DO NÚMERO DE CONTROLE |
| campo de controle |
OSt |
| 005 - DATA E HORÁRIO DA ÚLTIMA TRANSAÇÃO |
| campo de controle |
20250528074017.0 |
| 008 - CAMPO DE DADOS FIXOS--INFORMAÇÃO GERAL |
| campo de controle de tamanho fixo |
250315b |||||||| |||| 00| 0 eng d |
| 040 ## - FONTE DA CATALOGAÇÃO |
| Idioma da catalogação |
por |
| 041 ## - CÓDIGO DE IDIOMA |
| Código do idioma do original e/ou traduções intermediárias do texto |
fre |
| Código do idioma do texto/trilha sonora ou título diferente |
por |
| 082 ## - CDD - CLASSIFICAÇÃO DECIMAL DE DEWEY |
| Número de Classificação |
843 |
| Número do exemplar |
C694v |
| 100 ## - ENTRADA PRINCIPAL--NOME PESSOAL |
| Nome pessoal |
Colette, Gabrielle Sidonie |
| Datas associadas ao nome |
1873- 1954 |
| 240 ## - TÍTULO UNIFORME |
| Título uniforme |
La Vagabonde |
| 245 ## - TÍTULO |
| Título |
A Vagabunda / |
| Indicação de responsabilidade, etc. |
Colette, Gabrielle Sidonie ; Tradução Juracy Daisy Marchese |
| 250 ## - EDIÇÃO |
| Declaração de edição |
2 ed. |
| 260 ## - PUBLICAÇÃO, DISTRIBUIÇÃO, ETC. |
| Local de publicação, distribuição, etc. |
São Paulo |
| Nome do editor, distribuidor, etc. |
Abril |
| Data da publicação, distribuição, etc. |
1971 |
| 300 ## - DESCRIÇÃO FÍSICA |
| Extensão |
225 p. |
| 490 1# - TÍTULO DA SÉRIE |
| Título da série |
Os Imortais da Literatura Universal |
| 520 ## - NOTA DE RESUMO, ETC. |
| Resumo, etc. |
Romance francês, escrito em 1910, descreve a vida de Rennée Néré, uma atriz que rejeita o homem que ama para perseguir, à sua maneira, a independência. Ela sentia-se muito melhor nesse mundo onde não se valorizava o casamento nem as instituições, mas sim a satisfação dos sentidos e a plenitude sexual. É um retrato colorido das casas de espetáculos e os atores do começo do século 20 em Paris. Poético e objetivo, o livro é um incentivo às mulheres para extrair seus desejos, realizar seus sonhos e justificar sua existência.<br/> |
| 650 #0 - ASSUNTO--TERMO TÓPICO |
| Cabeçalho tópico ou nome geográfico |
Literatura francesa |
| 9 (RLIN) |
122 |
| 650 #0 - ASSUNTO--TERMO TÓPICO |
| Cabeçalho tópico ou nome geográfico |
Clássicos |
| 9 (RLIN) |
77 |
| 650 #0 - ASSUNTO--TERMO TÓPICO |
| Cabeçalho tópico ou nome geográfico |
Feminismo |
| 9 (RLIN) |
516 |
| 650 #0 - ASSUNTO--TERMO TÓPICO |
| Cabeçalho tópico ou nome geográfico |
Romance Psicológico |
| 9 (RLIN) |
509 |
| 650 #0 - ASSUNTO--TERMO TÓPICO |
| Cabeçalho tópico ou nome geográfico |
Amor-próprio |
| 9 (RLIN) |
499 |
| 655 #0 - TERMO DE ÍNDICE--GÊNERO E FORMA |
| Gênero/forma/ou termo foco |
Romance |
| 655 #0 - TERMO DE ÍNDICE--GÊNERO E FORMA |
| Gênero/forma/ou termo foco |
Ficção |
| 700 1# - ENTRADA ADICIONADA - NOME PESSOAL |
| Nome pessoal |
Marchese, Juracy Daisy. |
| Função do autor por extenso |
TRADUTOR |
| 9 (RLIN) |
517 |
| 830 ## - ENTRADA SECUNDÁRIA DE SÉRIE--TÍTULO UNIFORME |
| Título uniforme |
Os Imortais da Literatura Universal |
| 9 (RLIN) |
461 |
| Número do volume ou designação sequencial da série |
vol. 12 |
| 942 ## - ELEMENTOS DE ENTRADA ADICIONADOS (KOHA) |
| Fonte de classificação ou esquema de arquivamento |
Classificação decimal de Dewey |
| Ocultar no OPAC |
Não |
| Tipo de material Koha |
Livros |